000 00410nam a2200181Ia 4500
008 210210b1929 xxu||||| |||| 00| 0 eng d
041 _aeng
082 _a821/270
100 _aGRIGSON (G) Ed
245 _aPoetry of the present
260 _aLondon
_bPhoenix books
_c1929
650 _athe
650 _apresent
650 _aPoetry
650 _aof
690 _aEnglish Literature
906 _a011439
999 _c130116
_d130116